[Event "Madrid San Viator op-A 30th"]
[Site "Madrid"]
[Date "2018.05.20"]
[Round "6"]
[White "Lobato Rivero, Carlos"]
[Black "Jimenez Gonzalez, Marcos"]
[Result "1/2-1/2"]
[WhiteElo "1968"]
[BlackElo "1802"]
[PlyCount "43"]
[EventDate "2018.04.08"]
[EventType "swiss"]
[EventRounds "9"]
[EventCountry "ESP"]
[SourceTitle "EXT 2019"]
[Source "ChessBase"]
[SourceDate "2018.10.10"]
[SourceVersion "1"]
[SourceVersionDate "2018.10.10"]
[SourceQuality "1"]

1. e4 c5 2. c3 d5 3. exd5 Qxd5 4. d4 Nf6 5. Nf3 Bg4 6. Be2 e6 7. h3 Bh5 8. c4 Qd8 9. Nc3 cxd4 10. Nxd4 Bxe2 11. Qa4+ Qd7 12. Qxd7+ Nbxd7 13. Kxe2 a6 14. Rd1 Bb4 15. Bd2 0-0 16. Ne4 Bxd2 17. Nxf6+ Nxf6 18. Rxd2 Rfd8 19. Rad1 Ne4 20. Rd3 Nc5 21. Re3 Rac8 22. b3 1/2-1/2

[Event "Madrid San Viator op-A 30th"]
[Site "Madrid"]
[Date "2018.05.13"]
[Round "5"]
[White "Ramos del Campo, Alexander"]
[Black "Lobato Rivero, Carlos"]
[Result "1-0"]
[WhiteElo "2176"]
[BlackElo "1968"]
[PlyCount "69"]
[EventDate "2018.04.08"]
[EventType "swiss"]
[EventRounds "9"]
[EventCountry "ESP"]
[SourceTitle "EXT 2019"]
[Source "ChessBase"]
[SourceDate "2018.10.10"]
[SourceVersion "1"]
[SourceVersionDate "2018.10.10"]
[SourceQuality "1"]

1. e4 c6 2. d4 d5 3. e5 c5 4. dxc5 Nc6 5. Nf3 Bg4 6. c3 Bxf3 7. Qxf3 a6 8. Bf4 e6 9. Nd2 Bxc5 10. Nb3 Be7 11. Qg3 g5 12. Be3 Nh6 13. Bd3 Nf5 14. Bxf5 exf5 15. Bd4 f4 16. Qd3 Nxd4 17. Qxd4 0-0 18. 0-0-0 b5 19. Qxd5 Qxd5 20. Rxd5 Rfd8 21. Rhd1 Kf8 22. Rxd8+ Rxd8 23. Rxd8+ Bxd8 24. Nc5 a5 25. Kc2 Ke7 26. Kd3 Bb6 27. Kd4 f6 28. exf6+ Kxf6 29. Kd5 Kf5 30. f3 h5 31. h3 g4 32. hxg4+ hxg4 33. Ne4 gxf3 34. gxf3 b4 35. c4 1-0

[Event "Madrid San Viator op-A 30th"]
[Site "Madrid"]
[Date "2018.04.22"]
[Round "3"]
[White "Esteban Posadilla, Raul"]
[Black "Lobato Rivero, Carlos"]
[Result "0-1"]
[WhiteElo "1605"]
[BlackElo "1968"]
[PlyCount "92"]
[EventDate "2018.04.08"]
[EventType "swiss"]
[EventRounds "9"]
[EventCountry "ESP"]
[SourceTitle "EXT 2019"]
[Source "ChessBase"]
[SourceDate "2018.10.10"]
[SourceVersion "1"]
[SourceVersionDate "2018.10.10"]
[SourceQuality "1"]

1. c4 e5 2. Nc3 Nc6 3. g3 f5 4. e4 d6 5. d3 Nf6 6. Bg5 Be7 7. Bxf6 Bxf6 8. Bg2 0-0 9. Nge2 Nd4 10. Nxd4 exd4 11. Nd5 c6 12. Nxf6+ Qxf6 13. 0-0 f4 14. f3 Be6 15. Qd2 fxg3 16. hxg3 d5 17. b3 dxe4 18. dxe4 c5 19. f4 Qh6 20. Bf3 Qh3 21. Qh2 Rad8 22. Rad1 Rf6 23. Qxh3 Bxh3 24. Rf2 Bc8 25. e5 Ra6 26. Bd5+ Kf8 27. f5 Rh6 28. Rh2 Rxh2 29. Kxh2 h5 30. e6 Ke7 31. Bf3 Rf8 32. g4 hxg4 33. Bxg4 Rf6 34. Re1 g6 35. Re5 gxf5 36. Bxf5 Bxe6 37. Bxe6 Rxe6 38. Rxc5 d3 39. Rd5 Rd6 40. Re5+ Kf6 41. Re1 d2 42. Rd1 Ke5 43. Kg2 Ke4 44. Kf2 Kd3 45. c5 Rf6+ 46. Kg3 Kc2 0-1

[Event "Madrid San Viator op-A 29th"]
[Site "Madrid"]
[Date "2017.11.01"]
[Round "7"]
[White "Lobato Rivero, Carlos"]
[Black "Garcia Martin, Esteban"]
[Result "1-0"]
[WhiteElo "1971"]
[BlackElo "1854"]
[PlyCount "115"]
[EventDate "2017.09.17"]
[EventType "swiss"]
[EventRounds "9"]
[EventCountry "ESP"]
[SourceTitle "EXT 2019"]
[Source "ChessBase"]
[SourceDate "2018.10.10"]
[SourceVersion "1"]
[SourceVersionDate "2018.10.10"]
[SourceQuality "1"]

1. e4 c5 2. Nc3 Nc6 3. Nf3 g6 4. d4 cxd4 5. Nxd4 Bg7 6. Be3 Nf6 7. Nxc6 bxc6 8. e5 Ng8 9. Bd4 Nh6 10. e6 0-0 11. exd7 Bxd4 12. Qxd4 Qxd7 13. Qxd7 Bxd7 14. 0-0-0 Be6 15. Be2 Ng4 16. Bxg4 Bxg4 17. Rd4 Bf5 18. Re1 Rfe8 19. g4 Be6 20. Na4 Rad8 21. Red1 Rxd4 22. Rxd4 Bd5 23. Nc3 e6 24. Kd2 f5 25. g5 Kf7 26. Ra4 Re7 27. Ra6 e5 28. b3 Rd7 29. Nxd5 cxd5 30. Kd3 Ke7 31. a4 Rc7 32. c4 dxc4+ 33. bxc4 Kd7 34. c5 e4+ 35. Kd4 Kc8 36. Rf6 Kb7 37. a5 Rd7+ 38. Kc3 Kc7 39. a6 Re7 40. Kc4 Rd7 41. Kb5 Re7 42. Rf8 Kd7 43. Rb8 Ke6 44. Rf8 Ke5 45. Rb8 f4 46. Rb7 Ke6 47. Kc4 Rd7 48. c6 Rd8 49. c7 Rc8 50. Kd4 e3 51. fxe3 fxe3 52. Kxe3 Kd7 53. Rxa7 Kc6 54. Rb7 Rxc7 55. Rxc7+ Kxc7 56. Ke4 Kb6 57. Ke5 Kxa6 58. Kf6 1-0

[Event "Madrid San Viator op-A 28th"]
[Site "Madrid"]
[Date "2017.06.04"]
[Round "9"]
[White "Lobato Rivero, Carlos"]
[Black "Barahona Torrijos, Angel"]
[Result "1/2-1/2"]
[WhiteElo "1969"]
[BlackElo "1880"]
[PlyCount "56"]
[EventDate "2017.03.26"]
[EventType "swiss"]
[EventRounds "9"]
[EventCountry "ESP"]
[SourceTitle "EXT 2018"]
[Source "ChessBase"]
[SourceDate "2017.10.13"]
[SourceVersion "1"]
[SourceVersionDate "2017.10.13"]
[SourceQuality "1"]

1. e4 e5 2. Nf3 Nc6 3. c3 f5 4. d4 fxe4 5. Nxe5 Qf6 6. Ng4 Qg6 7. Bf4 d6 8. Ne3 Nf6 9. Be2 Ne7 10. Na3 Ned5 11. Nxd5 Nxd5 12. Bh5 Nxf4 13. Bxg6+ hxg6 14. 0-0 Bf5 15. Nb5 Kd7 16. d5 Be7 17. g4 Nh3+ 18. Kg2 Nf4+ 19. Kg3 g5 20. h4 Rxh4 21. Rh1 Rah8 22. Rxh4 Rxh4 23. gxf5 Rh3+ 24. Kg4 Rh2 25. Qf1 Rh4+ 26. Kg3 Nh5+ 27. Kg2 Nf4+ 28. Kg3 Nh5+ 1/2-1/2

[Event "Madrid San Viator op-A 28th"]
[Site "Madrid"]
[Date "2017.04.09"]
[Round "3"]
[White "Lobato Rivero, Carlos"]
[Black "Montoya Gandia, Manuel"]
[Result "1-0"]
[WhiteElo "1969"]
[BlackElo "1679"]
[PlyCount "49"]
[EventDate "2017.03.26"]
[EventType "swiss"]
[EventRounds "9"]
[EventCountry "ESP"]
[SourceTitle "EXT 2018"]
[Source "ChessBase"]
[SourceDate "2017.10.13"]
[SourceVersion "1"]
[SourceVersionDate "2017.10.13"]
[SourceQuality "1"]

1. e4 c5 2. c3 Nf6 3. d3 Nc6 4. f4 d6 5. Nf3 g6 6. Be2 Bg7 7. 0-0 c4 8. Nbd2 cxd3 9. Bxd3 e5 10. Nc4 Qc7 11. Bc2 Ke7 12. fxe5 dxe5 13. Bg5 Be6 14. Ne3 Rhd8 15. Qe2 h6 16. Bh4 Qb6 17. Kh1 Rd7 18. Nd5+ Bxd5 19. exd5 Rxd5 20. Bb3 Rb5 21. Bf2 Qa5 22. Bc4 Rb6 23. b4 Qa3 24. Nxe5 Nxe5 25. Qxe5+ 1-0

[Event "Madrid San Viator op-A 26th"]
[Site "Madrid"]
[Date "2016.05.15"]
[Round "6"]
[White "Mena Corrochano, Alberto"]
[Black "Lobato Rivero, Carlos"]
[Result "1-0"]
[WhiteElo "2121"]
[BlackElo "1963"]
[PlyCount "107"]
[EventDate "2016.04.03"]
[EventType "swiss"]
[EventRounds "9"]
[EventCountry "ESP"]
[SourceTitle "EXT 2017"]
[Source "ChessBase"]
[SourceDate "2016.10.25"]
[SourceVersion "1"]
[SourceVersionDate "2016.10.25"]
[SourceQuality "1"]

1. d4 Nf6 2. Nf3 d5 3. c4 c6 4. Nc3 e6 5. e3 Bd6 6. Qc2 Nbd7 7. Bd3 b6 8. e4 dxe4 9. Nxe4 Nxe4 10. Bxe4 Bb7 11. Bg5 Bb4+ 12. Ke2 Be7 13. Bf4 Nf6 14. Rhd1 Nxe4 15. Qxe4 0-0 16. Kf1 Bf6 17. Kg1 Qe7 18. c5 Rfd8 19. Bd6 Qe8 20. Qf4 bxc5 21. dxc5 Rd7 22. Rd2 Qd8 23. Qa4 Qc8 24. Rad1 Ba6 25. Ne5 Bxe5 26. Bxe5 Rxd2 27. Rxd2 Bb5 28. Qg4 Qf8 29. Rd7 a5 30. Bd6 Qe8 31. Re7 Qd8 32. a4 Bd3 33. Qf3 Bg6 34. Qxc6 Rc8 35. Qb5 h6 36. f3 Bc2 37. b3 Ra8 38. Qb7 Bg6 39. Qb6 Bc2 40. Qxd8+ Rxd8 41. Rb7 Ra8 42. Kf2 Ra6 43. Rb8+ Kh7 44. Rb6 Ra8 45. c6 Rc8 46. c7 e5 47. g4 Bd3 48. Bxe5 f6 49. Bg3 Kg6 50. Ke3 Bf1 51. Rb8 Ba6 52. Kd4 h5 53. gxh5+ Kg5 54. Kc5 1-0

[Event "Madrid San Viator op-A 26th"]
[Site "Madrid"]
[Date "2016.04.17"]
[Round "3"]
[White "Lobato Rivero, Carlos"]
[Black "Sanchez Gomez, Emiliano"]
[Result "1-0"]
[WhiteElo "1963"]
[BlackElo "1800"]
[PlyCount "91"]
[EventDate "2016.04.03"]
[EventType "swiss"]
[EventRounds "9"]
[EventCountry "ESP"]
[SourceTitle "EXT 2017"]
[Source "ChessBase"]
[SourceDate "2016.10.25"]
[SourceVersion "1"]
[SourceVersionDate "2016.10.25"]
[SourceQuality "1"]

1. e4 c5 2. Nf3 a6 3. c3 d5 4. exd5 Nf6 5. c4 e6 6. dxe6 Bxe6 7. d4 cxd4 8. Nxd4 Bc5 9. Be3 Bb4+ 10. Nd2 Bd7 11. Be2 Nc6 12. 0-0 0-0 13. Bf3 Rc8 14. Ne4 Re8 15. Nxc6 Bxc6 16. Qxd8 Rexd8 17. Nxf6+ gxf6 18. Bxc6 Rxc6 19. b3 Bf8 20. Rad1 Rcd6 21. Rxd6 Rxd6 22. Bc5 Rd2 23. Bxf8 Kxf8 24. Ra1 Rb2 25. g3 Ke7 26. Kg2 Kd6 27. Kf3 Kc5 28. Re1 Rxa2 29. Re7 b5 30. cxb5 axb5 31. Rxf7 Kb4 32. Rxh7 Kxb3 33. h4 b4 34. h5 Kb2 35. Ke4 b3 36. Rb7 Ka3 37. f4 Rh2 38. g4 Ka2 39. Kf5 b2 40. Kxf6 Rh3 41. Rxb2+ Kxb2 42. Kg6 Kc3 43. f5 Kd4 44. f6 Ke4 45. f7 Rf3 46. Kg7 1-0

[Event "Madrid San Viator op 25th"]
[Site "Madrid"]
[Date "2015.10.11"]
[Round "2"]
[White "Lobato Rivero, Carlos"]
[Black "De la Torre Palomino, Luis"]
[Result "1-0"]
[WhiteElo "1992"]
[BlackElo "1603"]
[PlyCount "51"]
[EventDate "2015.10.04"]
[EventType "swiss"]
[EventRounds "9"]
[EventCountry "ESP"]
[SourceTitle "CBM 169 Extra"]
[Source "ChessBase"]
[SourceDate "2015.12.18"]
[SourceVersion "1"]
[SourceVersionDate "2015.12.18"]
[SourceQuality "1"]

1. c4 c5 2. Nc3 Nc6 3. g3 g6 4. Bg2 Bg7 5. e3 e6 6. Nge2 Nge7 7. 0-0 0-0 8. d3 d5 9. cxd5 exd5 10. Qb3 Na5 11. Qc2 b6 12. Rd1 Bb7 13. d4 Qc7 14. b3 Rfd8 15. Bb2 Rac8 16. Rac1 c4 17. Ba3 cxb3 18. axb3 a6 19. Bh3 f5 20. Nf4 Qd7 21. Bg2 Kh8 22. Qa2 Nac6 23. Na4 Nb8 24. Nxb6 Rxc1 25. Rxc1 Qe8 26. Rc7 1-0

[Event "Madrid Codes Memorial 9th"]
[Site "Madrid"]
[Date "2015.04.19"]
[Round "3"]
[White "Martin Garcia, Francisco Javier"]
[Black "Lobato Rivero, Carlos"]
[Result "0-1"]
[WhiteElo "1576"]
[BlackElo "2030"]
[PlyCount "60"]
[EventDate "2015.03.29"]
[EventType "swiss"]
[EventRounds "9"]
[EventCountry "ESP"]
[SourceTitle "EXT 2019"]
[Source "ChessBase"]
[SourceDate "2018.10.10"]
[SourceVersion "1"]
[SourceVersionDate "2018.10.10"]
[SourceQuality "1"]

1. d4 f5 2. g3 Nf6 3. Bg2 g6 4. c4 Bg7 5. Nc3 0-0 6. e4 fxe4 7. Nxe4 Nxe4 8. Bxe4 c5 9. dxc5 Qa5+ 10. Bd2 Qxc5 11. Be3 Qb4+ 12. Qd2 Qxb2 13. Qxb2 Bxb2 14. Rd1 Bc3+ 15. Ke2 Nc6 16. h4 d6 17. Nh3 Be6 18. Bh6 Bxc4+ 19. Bd3 Bxd3+ 20. Rxd3 Bg7 21. Be3 Rac8 22. Ng5 Ne5 23. Rb3 Rc2+ 24. Kd1 Rxa2 25. Ne6 Ra1+ 26. Bc1 Rc8 27. Kd2 Nc4+ 28. Kd1 Na5 29. Ke2 Nxb3 30. Nxg7 Raxc1 0-1

[Event "Madrid San Viator op 23rd"]
[Site "Madrid"]
[Date "2014.09.28"]
[Round "1"]
[White "Lobato Rivero, Carlos"]
[Black "Barahona Torrijos, Angel"]
[Result "1-0"]
[WhiteElo "2009"]
[BlackElo "1845"]
[PlyCount "57"]
[EventDate "2014.09.28"]
[EventType "swiss"]
[EventRounds "9"]
[EventCountry "ESP"]
[SourceTitle "EXT 2016"]
[Source "ChessBase"]
[SourceDate "2015.10.08"]
[SourceVersion "1"]
[SourceVersionDate "2015.10.08"]
[SourceQuality "1"]

1. e4 e5 2. Nf3 Nc6 3. Bc4 Nf6 4. d4 exd4 5. 0-0 Bc5 6. e5 d5 7. exf6 dxc4 8. fxg7 Rg8 9. Bg5 Be7 10. Bxe7 Qxe7 11. Nxd4 Nxd4 12. Qxd4 Be6 13. Nc3 Rd8 14. Qe5 f6 15. Qh5+ Qf7 16. Qe2 Rxg7 17. Rfe1 Rd6 18. Nb5 Rb6 19. Qxc4 Kf8 20. Qc5+ Kg8 21. Rad1 h5 22. Rd8+ Kh7 23. g3 h4 24. Rxe6 Rxe6 25. Qf5+ Qg6 26. Qxe6 Qxc2 27. Rd4 Qc1+ 28. Kg2 h3+ 29. Qxh3+ 1-0

[Event "Madrid Codes Memorial 8th"]
[Site "Madrid"]
[Date "2014.04.13"]
[Round "4"]
[White "Rodriguez Dorado, Victor Manuel"]
[Black "Lobato Rivero, Carlos"]
[Result "0-1"]
[WhiteElo "1989"]
[BlackElo "1999"]
[PlyCount "92"]
[EventDate "2014.03.23"]
[EventType "swiss"]
[EventRounds "9"]
[EventCountry "ESP"]
[SourceTitle "EXT 2015"]
[Source "ChessBase"]
[SourceDate "2014.11.20"]
[SourceVersion "1"]
[SourceVersionDate "2014.11.20"]
[SourceQuality "1"]

1. e4 g6 2. d4 Bg7 3. Nc3 d6 4. f4 Nf6 5. Nf3 0-0 6. Bd3 c5 7. dxc5 dxc5 8. Be3 Qa5 9. h3 c4 10. Bxc4 Nxe4 11. 0-0 Nxc3 12. bxc3 Qxc3 13. Qe2 Nc6 14. Rab1 b6 15. Rb3 Qf6 16. Bd5 Rb8 17. Rd1 Be6 18. f5 Bxd5 19. Rxd5 Qa1+ 20. Kh2 Qxa2 21. fxg6 hxg6 22. h4 Rbd8 23. Rg5 Bf6 24. h5 Bxg5 25. Bxg5 Qa1 26. hxg6 Qd1 27. gxf7+ Rxf7 28. Qc4 Qd5 29. Qg4 Ne5 30. Nxe5 Qxe5+ 31. Rg3 Rg7 32. Kh3 Rd5 33. Qc8+ Kh7 34. Bh4 Rxg3+ 35. Bxg3 Qf5+ 36. Qxf5+ Rxf5 37. Bb8 a5 38. Bc7 a4 39. Bxb6 a3 40. Bd4 a2 41. Kg4 Rf1 42. c4 a1Q 43. Bxa1 Rxa1 44. Kf5 Rc1 45. Ke6 Rxc4 46. Kxe7 Rg4 0-1

[Event "Madrid Codes Memorial 7th"]
[Site "Madrid"]
[Date "2013.05.19"]
[Round "7"]
[White "Lobato Rivero, Carlos"]
[Black "Largo Barbero, Benito"]
[Result "1/2-1/2"]
[WhiteElo "1964"]
[BlackElo "1879"]
[PlyCount "85"]
[EventDate "2013.04.07"]
[EventType "swiss"]
[EventRounds "9"]
[EventCountry "ESP"]
[SourceTitle "EXT 2014"]
[Source "ChessBase"]
[SourceDate "2013.11.20"]
[SourceVersion "1"]
[SourceVersionDate "2013.11.20"]
[SourceQuality "1"]

1. e4 e6 2. d4 d5 3. e5 c5 4. c3 Nc6 5. Nf3 Qb6 6. Bd3 Bd7 7. Bc2 cxd4 8. cxd4 Nb4 9. 0-0 Nxc2 10. Qxc2 Ne7 11. Be3 Nc6 12. Nc3 Rc8 13. Rfc1 Na5 14. Nd2 Be7 15. a3 0-0 16. b4 Nc4 17. Nxc4 Rxc4 18. Qd2 Rfc8 19. Ne2 Ba4 20. Rxc4 Rxc4 21. Rc1 Qc7 22. Nc3 Bd7 23. Ne2 a5 24. bxa5 Bxa3 25. Rxc4 Qxc4 26. Qe1 Bb5 27. Ng3 Bb2 28. Qf1 Qxf1+ 29. Nxf1 Bxf1 30. Kxf1 Bc3 31. Ke2 Bxa5 32. Kd3 Kf8 33. g4 Ke8 34. Kc2 Kd7 35. Kb3 f6 36. f4 fxe5 37. fxe5 g6 38. h3 Be1 39. Ka4 Kc6 40. Kb3 Kb5 41. Bg1 h5 42. Be3 hxg4 43. hxg4 1/2-1/2